000 00433nam a2200157Ia 4500
008 221030s9999 xx 000 0 und d
020 _a8131723272
041 _aEnglish
100 _aG. F. Luger
245 0 _aArtificial Intelligence : Structures & Strategies for Complex Problem Solving
_cby G. F. Luger
250 _a5th
260 _bPearson Edcuation
_aNew Delhi
_c2013
300 _a903
650 _aComputers
942 _cBK
999 _c15410
_d15410